| 000 | 00979 a2200445 4500 | ||
|---|---|---|---|
| 000 | BKB | ||
| 001 | 069473 | ||
| 005 | 20200902150305.0 | ||
| 008 | |||
| 010 | _a | ||
| 020 | _a | ||
| 082 |
_a658.45 _bC36I |
||
| 100 | 1 | _aChaney, Lillian H. | |
| 110 | _a | ||
| 245 | 1 |
_aIntercultural business communication _cby Lillian H. Chaney and Jeanette S. Martin |
|
| 250 | _a4th ed. | ||
| 260 |
_aNew Delhi _bPearson _c2008 |
||
| 300 | _a320p. | ||
| 490 |
_a _v |
||
| 500 | _a | ||
| 600 | _a | ||
| 610 | _a | ||
| 611 | _a | ||
| 630 | _a | ||
| 650 | _a | ||
| 651 | _a | ||
| 654 | _a | ||
| 690 | _aBusiness etiquette; Business communication; Corporate culture; Intercultural communication | ||
| 700 |
_aMartin, Jeanette S. _b _c |
||
| 710 |
_a _b _c |
||
| 711 | _a | ||
| 720 | _a | ||
| 730 | _a | ||
| 740 | _a | ||
| 752 | _a | ||
| 856 |
_a _d _f |
||
| 904 | _a | ||
| 964 |
_a _b _c _d _e _f _g |
||
| 965 | _a | ||
| 999 |
_c3018 _d3018 |
||